| 000 | 00887nas a2200289 4500 | ||
|---|---|---|---|
| 001 | BR8200644 | ||
| 003 | BR-BrBNA | ||
| 005 | 20231205085017.0 | ||
| 007 | ta | ||
| 008 | 230509b bl.|||p| |||| 00| 00por d | ||
| 040 |
_aBR-BrBNA _bpor _cBiblioteca Nacional de Agricultura |
||
| 041 | _a(Pt) | ||
| 072 | _aF25; P05; F00 | ||
| 100 | 1 | _aCruz, M. | |
| 245 | 1 | _aBibliografia: vinhoto [Vinhaca; Residuo organico; Energia; Adubacao] | |
| 246 | 1 | _a[Bibliography: vinasse [Organic residue; Energy; Fertilization]] | |
| 650 | _aFertilizante | ||
| 650 | _aRecurso energetico | ||
| 650 | _aProducao vegetal | ||
| 650 | _aResiduo organico | ||
| 650 | _aVinhaca | ||
| 650 | _aAdubacao | ||
| 650 | _aBibliografia | ||
| 773 | 0 |
_tBrasil Acucareiro (Brazil) _xISSN 0006-9167 _g(Apr 1981), v. 97(4) p. 63-66 _wBR8200644 |
|
| 909 |
_a202311 _bLúcia _c55 _dLúcia Elande |
||
| 942 |
_2AGRIS _n0 _cANA |
||
| 999 |
_c108657 _d108657 |
||